[Event "Buenos Aires Najdorf"]
[Site "Buenos Aires"]
[Date "1991.??.??"]
[Round "4"]
[White "Milos, Gilberto"]
[Black "Fedorowicz, John P"]
[Result "1-0"]
[WhiteElo "2530"]
[BlackElo "2555"]

1.c4 Nf6 2.Nc3 g6 3.g3 Bg7 4.Bg2 O-O 5.Nf3 d6 6.d4 Nbd7 7.O-O e5 8.e4 c6
9.h3 a6 10.Be3 Re8 11.Qc2 b5 12.dxe5 Nxe5 13.Nxe5 dxe5 14.Rfd1 Qe7 15.cxb5 cxb5
16.a4 Bd7 17.axb5 axb5 18.Qb3 Rxa1 19.Rxa1 b4 20.Nd5 Nxd5 21.exd5 Qd6 22.Ra7 Bf8
23.Rb7 Bf5 24.g4 Bc8 25.Rb6 Qd8 26.Qa4 e4 27.d6 Re6 28.Qxb4 Bxd6 29.Qd4 Qe7
30.Bh6 f5 31.Qd5 fxg4 32.hxg4 Qd8 33.Rb5 Qh4 34.Be3 Kf7 35.Rb6 Bh2+ 36.Kf1 Qxg4
37.Rc6 Kg7 38.Rxc8 Re7 39.Rg8+ Kf6 40.Rf8+  1-0

[Event "Buenos Aires Najdorf"]
[Site "Buenos Aires"]
[Date "1991.??.??"]
[Round "5"]
[White "Fedorowicz, John P"]
[Black "Ricardi, Pablo"]
[Result "1-0"]
[WhiteElo "2555"]
[BlackElo "2435"]

1.e4 d5 2.exd5 Qxd5 3.Nc3 Qa5 4.d4 Nf6 5.Nf3 c6 6.Ne5 Be6 7.Bd3 g6 8.O-O Bg7
9.Ne2 Nbd7 10.Bd2 Qc7 11.Bf4 Nxe5 12.Bxe5 Qd7 13.c3 O-O 14.Ng3 c5 15.dxc5 Rad8
16.Bd4 Qc7 17.Qc2 Ng4 18.Bxg7 Kxg7 19.b4 h5 20.Rfe1 Qf4 21.Bxg6 fxg6 22.Rxe6 Qxf2+
23.Qxf2 Rxf2 24.Rxe7+ Kh6 25.Nf1 Rc2 26.h3 Nf6 27.Rxb7 Re8 28.Rf7 Nd5 29.Rd1 Nxc3
30.Rdd7 h4 31.Nd2  1-0

[Event "Buenos Aires Najdorf"]
[Site "Buenos Aires"]
[Date "1991.??.??"]
[Round "7"]
[White "Fedorowicz, John P"]
[Black "Boissonet, Carlos P"]
[Result "1-0"]
[WhiteElo "2555"]
[BlackElo "2400"]

1.d4 Nc6 2.Nf3 d5 3.c4 e5 4.dxe5 Bb4+ 5.Nbd2 dxc4 6.a3 Ba5 7.Qc2 b5 8.b3 Nd4
9.Nxd4 Qxd4 10.Rb1 Ne7 11.e3 Qxe5 12.bxc4 Bf5 13.Qb2 Qe4 14.Qxb5+ Nc6 15.Bd3 Qxd3
16.Qxc6+ Kd8 17.Qxa8+ Ke7 18.Rb8 Bg4 19.f3 Qxe3+ 20.Kd1 Bd7 21.Rb3 Ba4 22.Qb7 Qd3
23.Re1+ Kf6 24.Qc6+ Qd6 25.Qxa4  1-0

[Event "Buenos Aires Najdorf"]
[Site "Buenos Aires"]
[Date "1991.??.??"]
[Round "11"]
[White "Fedorowicz, John P"]
[Black "Tal, Mihail"]
[Result "1/2-1/2"]
[WhiteElo "2555"]
[BlackElo "2565"]

1.Nf3 Nf6 2.c4 e6 3.d4 d5 4.cxd5 exd5 5.Nc3 c6 6.Bf4 Bd6 7.Bxd6 Qxd6 8.e3 Bf5
9.Bd3 Bxd3 10.Qxd3 O-O 11.O-O Nbd7 12.Rab1  1/2-1/2

[Event "Buenos Aires Najdorf"]
[Site "Buenos Aires"]
[Date "1991.??.??"]
[Round "12"]
[White "Adams, Michael"]
[Black "Fedorowicz, John P"]
[Result "1/2-1/2"]
[WhiteElo "2600"]
[BlackElo "2555"]

1.e4 c5 2.Nf3 Nc6 3.d4 cxd4 4.Nxd4 Nf6 5.Nc3 e5 6.Ndb5 d6 7.Bg5 a6 8.Bxf6 gxf6
9.Na3 b5 10.Nd5 f5 11.Bd3 Be6 12.c4 Qa5+ 13.Kf1 Nb4 14.Qe1 Bxd5 15.exd5 bxc4
16.Bxf5 Rb8 17.Nxc4 Qxd5 18.b3 Rg8 19.Be4 Qe6 20.a3 d5 21.axb4 dxc4 22.bxc4 Qxc4+  1/2-1/2

[Event "Mexico City"]
[Site "Mexico"]
[Date "1991.??.??"]
[Round "1"]
[White "Fedorowicz, John P"]
[Black "Frometa, Zirka"]
[Result "1-0"]
[WhiteElo "2555"]
[BlackElo "2200"]

1.d4 d5 2.c4 e6 3.Nc3 Nf6 4.cxd5 exd5 5.Bg5 Be7 6.e3 c6 7.Bd3 Ne4 8.Bxe7 Qxe7
9.Qc2 Nxc3 10.bxc3 Nd7 11.Ne2 Nf6 12.O-O O-O 13.c4 dxc4 14.Bxc4 Be6 15.Bd3 c5
16.dxc5 Rac8 17.Rfc1 Rc7 18.Nd4 Rfc8 19.c6 Bd5 20.cxb7 Bxb7 21.Qd1 Qe5 22.Rxc7 Rxc7
23.Bf1 h5 24.h3 Ne4 25.Rc1 Rd7 26.Qa4 Re7 27.Qb5 Qf6 28.Qf5 Qh4 29.Rc2 g6
30.Qa5 Ng5 31.Rb2 Nxh3+ 32.gxh3 Qe4 33.Rxb7 Rxb7 34.Bg2 Rb1+ 35.Kh2 Qe7 36.Qd2 Qd6+
37.f4 Rb6 38.Qc3 Qf6 39.a4 a6 40.a5 Rd6 41.Qc5 Kg7 42.Kg3 Rd8 43.h4 Rb8 44.e4 Rb2
45.e5 Rxg2+ 46.Kxg2 Qxf4 47.Nf3 Qe4 48.Qd4 Qc2+ 49.Kg3 Qc7 50.Qb6 Qc4 51.Qf6+ Kg8
52.e6 Qg4+ 53.Kf2 fxe6 54.Ke3 Qf5 55.Qxf5 gxf5 56.Kf4 Kf7 57.Ke5  1-0

[Event "Mexico City"]
[Site "Mexico"]
[Date "1991.??.??"]
[Round "3"]
[White "Fedorowicz, John P"]
[Black "Vega, Jorge"]
[Result "1-0"]
[WhiteElo "2555"]
[BlackElo "2320"]

1.d4 Nf6 2.c4 g6 3.Nc3 Bg7 4.e4 d6 5.f3 c6 6.Be3 Nbd7 7.Bd3 e5 8.d5 cxd5
9.cxd5 a6 10.Nge2 b5 11.O-O O-O 12.b4 Bb7 13.a4 bxa4 14.Nxa4 Qe7 15.Rc1 Rfc8
16.Qd2 Qd8 17.Rxc8 Rxc8 18.Rc1 Bf8 19.Rxc8 Qxc8 20.Nc1 Be7 21.Nb3 Bd8 22.Na5 Ne8
23.Qc1 Qxc1+ 24.Bxc1 Bxa5 25.bxa5 Kf8 26.Ba3 Ke7 27.Kf2 Nc7 28.g4 Nb5 29.Bb4 Nd4
30.g5 Bc8 31.Ke3 Nb5 32.Nb6 Bb7 33.Bc4 Bc8 34.h4 Bb7 35.Bf1 f5 36.gxf6+ Nxf6
37.Kf2  1-0

[Event "Mexico City"]
[Site "Mexico"]
[Date "1991.??.??"]
[Round "5"]
[White "Hernandez, Gilberto"]
[Black "Fedorowicz, John P"]
[Result "1/2-1/2"]
[WhiteElo "2525"]
[BlackElo "2555"]

1.e4 c5 2.Nf3 Nc6 3.d4 cxd4 4.Nxd4 Nf6 5.Nc3 d6 6.Bc4 Qb6 7.Nb3 e6 8.Qe2 Be7
9.f4 a6 10.Bd3 O-O 11.Be3 Qc7 12.O-O-O b5 13.Kb1 Nd7 14.g4 Nb4 15.Rc1 Re8
16.g5 Bf8 17.h4 Nb6 18.a3 Nc6 19.e5 d5 20.h5 Nc4 21.g6 fxg6 22.Bf2 Rd8  1/2-1/2

[Event "Mexico City"]
[Site "Mexico"]
[Date "1991.??.??"]
[Round "9"]
[White "Fedorowicz, John P"]
[Black "Diaz, Joaquin C"]
[Result "1-0"]
[WhiteElo "2555"]
[BlackElo "2430"]

1.d4 d5 2.c4 e6 3.Nc3 Nf6 4.cxd5 exd5 5.Bg5 c6 6.Qc2 Be7 7.e3 Nbd7 8.Bd3 O-O
9.Nge2 Re8 10.O-O Nf8 11.Bxf6 Bxf6 12.b4 a6 13.a4 g6 14.b5 a5 15.e4 dxe4
16.Bxe4 Qd6 17.Rad1 Bd7 18.Bf3 Bf5 19.Be4 Bd7 20.bxc6 bxc6 21.d5 Qc5 22.Qd3 Bg4
23.Bf3 Bf5 24.Qd2 Rad8 25.Qc1 Nd7 26.dxc6 Ne5 27.Ng3 Nxf3+ 28.gxf3 Qe5 29.Nce4 Bh3
30.Rfe1 Rxd1 31.Rxd1 Bd8 32.Qc3 Bc7 33.Nf6+ Kh8 34.Qxe5 Rxe5 35.Nd5  1-0

[Event "New York op"]
[Site "New York"]
[Date "1991.??.??"]
[Round "1"]
[White "Fedorowicz, John P"]
[Black "Shain, Randy"]
[Result "1-0"]
[WhiteElo "2555"]
[BlackElo "2235"]

1.d4 Nf6 2.c4 e5 3.dxe5 Ng4 4.Bf4 Nc6 5.Nf3 Bb4+ 6.Nbd2 Qe7 7.e3 Ngxe5 8.Nxe5 Nxe5
9.Be2 d6 10.O-O Bxd2 11.Qxd2 b6 12.e4 Bb7 13.f3 O-O 14.Bg3 f5 15.exf5 Rxf5
16.f4 Nc6 17.Rae1 Qf6 18.Bg4 Ra5 19.b4 Ra3 20.Be6+ Kh8 21.Bd5 Rf8 22.f5 Ba8
23.Re4 a5 24.Bh4 Qc3 25.Qxc3 Rxc3 26.bxa5 Nxa5 27.f6 Bxd5 28.fxg7+ Kxg7 29.Rg4+ Kh6
30.Rxf8 Rc1+ 31.Rf1 Rxf1+ 32.Kxf1 Bxc4+ 33.Kf2  1-0

[Event "New York op"]
[Site "New York"]
[Date "1991.??.??"]
[Round "2"]
[White "Remlinger, Larry"]
[Black "Fedorowicz, John P"]
[Result "1/2-1/2"]
[WhiteElo "2365"]
[BlackElo "2555"]

1.d4 Nf6 2.c4 g6 3.Nc3 Bg7 4.e4 d6 5.Nge2 c5 6.dxc5 dxc5 7.Qxd8+ Kxd8 8.Be3 Nbd7
9.f3 b6 10.O-O-O Ne8 11.g3 e6 12.h4 h5 13.Bg5+ f6 14.Be3 Ke7 15.Nf4 Ne5 16.Kc2 Nc7
17.Be2 Ba6 18.b3 Rhd8 19.Nb5 Rxd1 20.Rxd1 Nxb5 21.cxb5 Bc8 22.a4 a5  1/2-1/2

[Event "New York op"]
[Site "New York"]
[Date "1991.??.??"]
[Round "7"]
[White "Fedorowicz, John P"]
[Black "Novikov, Igor A"]
[Result "0-1"]
[WhiteElo "2555"]
[BlackElo "2545"]

1.d4 d5 2.c4 e6 3.Nf3 Nf6 4.Nc3 c6 5.Bg5 dxc4 6.e4 b5 7.e5 h6 8.Bh4 g5 9.Nxg5 hxg5
10.Bxg5 Nbd7 11.g3 Qa5 12.exf6 Ba6 13.Be2 b4 14.Ne4 O-O-O 15.h4 Nc5 16.Nxc5 Bxc5
17.O-O Bxd4 18.Qc2 Qd5 19.Rac1 Rdg8 20.Rfd1 Rxg5 21.Rxd4 Qxd4 22.hxg5 Qd5
23.f3 Qxg5 24.Kg2 Rg8 25.g4 Rd8 26.Rd1 Rxd1 27.Qxd1 Qe5 28.b3 Kc7 29.bxc4 c5
30.Kf1 Qxf6 31.Qa4 Kb6 32.Qe8 Ka5 33.g5 Qa1+ 34.Kf2 Qd4+ 35.Kg2 Qd2 36.Kf1 Qxa2
37.Qxf7 Qa1+ 38.Kf2 Qd4+ 39.Kg2 Qe5 40.Kf2 b3 41.Qf6 Qd4+ 42.Qxd4 cxd4 43.g6 b2
44.g7 b1=Q 45.g8=Q Qb6 46.Qg5+ Ka4 47.Qc1 d3+ 48.c5 Qb5 49.Bd1+ Kb4 50.c6 Qb6+
51.Kg2 Bc4 52.Ba4 Qd4 53.Bd1 Kb5 54.Bb3 Bxb3 55.c7 d2 56.Qf1+ Kb4 57.c8=Q d1=Q  0-1

[Event "San Francisco"]
[Site "San Francisco"]
[Date "1991.??.??"]
[Round "3"]
[White "Fedorowicz, John P"]
[Black "Grefe, John A"]
[Result "1-0"]
[WhiteElo "2555"]
[BlackElo "2385"]

1.d4 d5 2.c4 e6 3.Nc3 Nf6 4.cxd5 exd5 5.Bg5 c6 6.e3 Be7 7.Qc2 Nbd7 8.Bd3 Nf8
9.Nge2 Ne6 10.Bh4 g6 11.O-O-O Kf8 12.h3 Kg7 13.g4 Qa5 14.f4 c5 15.g5 Ng8
16.f5 c4 17.f6+ Kf8 18.fxe7+ Nxe7 19.Bxc4 dxc4 20.e4 b5 21.a3 b4 22.axb4 Qxb4
23.Bg3 a5 24.Nb1 Bd7 25.Nec3 Ra7 26.Qf2 Rb7 27.Rhf1 Be8 28.Rd2 Ng7 29.d5 Ng8
30.Be5 Qb6 31.Bd4 Qd8 32.Bc5+  1-0

[Event "San Francisco"]
[Site "San Francisco"]
[Date "1991.??.??"]
[Round "8"]
[White "Adianto, Utut"]
[Black "Fedorowicz, John P"]
[Result "1/2-1/2"]
[WhiteElo "2470"]
[BlackElo "2555"]

1.d4 Nf6 2.Nf3 g6 3.g3 c5 4.Bg2 Bg7 5.O-O O-O 6.c4 cxd4 7.Nxd4 Nc6 8.Nc3 Nxd4
9.Qxd4 d6 10.Rd1 Be6 11.Bd2 Nd5 12.Qd3 Nxc3 13.Bxc3 Bxc3 14.Qxc3 Rc8 15.Bd5 Qd7  1/2-1/2

[Event "St Martin op"]
[Site "St Martin"]
[Date "1991.??.??"]
[Round "1"]
[White "Albareil, P."]
[Black "Fedorowicz, John P"]
[Result "0-1"]
[WhiteElo "1940"]
[BlackElo "2555"]

1.d4 Nf6 2.c4 c5 3.d5 b5 4.cxb5 a6 5.b6 Qxb6 6.Nc3 g6 7.e4 d6 8.Bd3 Bg7 9.Nge2 O-O
10.a4 Nbd7 11.a5 Qc7 12.O-O c4 13.Bc2 Nc5 14.Be3 Rb8 15.Ra2 Ng4 16.Bd4 Ne5
17.Nc1 Rb4 18.h3 f5 19.f4 Ned3 20.Bxg7 Kxg7 21.Bxd3 cxd3 22.Nxd3 Rd4 23.Ne2 Rxd3
24.Qc2  0-1

[Event "St Martin op"]
[Site "St Martin"]
[Date "1991.??.??"]
[Round "2"]
[White "Fedorowicz, John P"]
[Black "Witke, Thomas"]
[Result "1/2-1/2"]
[WhiteElo "2555"]
[BlackElo "2265"]

1.d4 d5 2.c4 c6 3.Nc3 Nf6 4.Nf3 dxc4 5.a4 Bg4 6.e4 e5 7.Be3 Bb4 8.Bxc4 exd4
9.Bxd4 O-O 10.e5 Nfd7 11.O-O  1/2-1/2

[Event "St Martin op"]
[Site "St Martin"]
[Date "1991.??.??"]
[Round "5"]
[White "Gonzales, Jorge A"]
[Black "Fedorowicz, John P"]
[Result "1-0"]
[WhiteElo "2320"]
[BlackElo "2555"]

1.e4 c5 2.Nf3 d6 3.c3 Nf6 4.h3 Nbd7 5.Bd3 c4 6.Bc2 b6 7.Qe2 Ba6 8.O-O e6
9.Na3 Qc8 10.Ba4 Be7 11.e5 dxe5 12.Nxe5 O-O 13.Nxd7 Nxd7 14.Bxd7 Qxd7 15.Nxc4 Rfd8
16.b3 Bf6 17.Re1 Bb7 18.Ne3 Rac8 19.a4 a6 20.Ra2 g6 21.Ba3 Bg7 22.Nc4 Qc6
23.f3 b5 24.Ne5 Qd5 25.Rb2 h5 26.axb5 axb5 27.Bb4 Ra8 28.d4 Ra6 29.Bc5 Bxe5
30.Qxe5 Qxe5 31.Rxe5 Ra1+ 32.Kf2 Bd5 33.Ree2 Rc1 34.Bb4 Kg7 35.Ke3 Ra8 36.Kd3 Raa1  1-0

[Event "St Martin op"]
[Site "St Martin"]
[Date "1991.??.??"]
[Round "6"]
[White "Fedorowicz, John P"]
[Black "Kotliar, Mark"]
[Result "1-0"]
[WhiteElo "2555"]
[BlackElo "2310"]

1.e4 e5 2.Nf3 Nc6 3.Bb5 a6 4.Ba4 Nf6 5.O-O Nxe4 6.d4 b5 7.Bb3 d5 8.dxe5 Be6
9.c3 Bc5 10.Nbd2 O-O 11.Bc2 Nxf2 12.Rxf2 f6 13.exf6 Bxf2+ 14.Kxf2 Qxf6 15.Kg1 Rae8
16.Nf1 Ne5 17.Be3 Nxf3+ 18.Qxf3 Qxf3 19.gxf3 Rxf3 20.Bf2 Bh3 21.Nd2 Rf6 22.Re1 Ree6
23.Rxe6 Rxe6 24.Bd3 c6 25.b4 h5 26.Nf3 Rf6 27.Nd4 Kf7 28.Be3 Kg8 29.Bg5 Rd6
30.Kf2 Bg4 31.Kg3 Kf8 32.h3 Bc8 33.Be2 Bd7 34.Bxh5 a5 35.Bf4 Rf6 36.bxa5 c5
37.Nb3 g5 38.Bxg5 Rf1 39.Nxc5 Rg1+ 40.Kf4 Bxh3 41.a6 d4 42.a7 Bg2 43.Bf3  1-0

[Event "St Martin op"]
[Site "St Martin"]
[Date "1991.??.??"]
[Round "7"]
[White "Rausis, Igors"]
[Black "Fedorowicz, John P"]
[Result "1/2-1/2"]
[WhiteElo "2440"]
[BlackElo "2555"]

1.e4 c5 2.c3 d6 3.d4 Nf6 4.dxc5 Nc6 5.Qc2 dxc5 6.Nf3 g6 7.Be3 b6 8.Bb5 Bd7
9.e5 Nd5 10.Qe4 a6 11.Ba4 e6 12.Bg5 Be7 13.Bxe7 Ndxe7 14.O-O b5 15.Bc2 Nd5
16.Nbd2 O-O 17.Rad1 c4 18.Qg4 f5 19.exf6 Qxf6 20.Ne4 Qe7 21.Rfe1 Rae8 22.h4 Qg7
23.h5 gxh5 24.Qxg7+ Kxg7 25.Nc5 Bc8 26.Ng5 Nd8 27.Nxh7 Rg8 28.Ng5 Kh6 29.Nge4 Nf7
30.Ng3 h4 31.Nf5+ exf5 32.Rxe8 Rxe8 33.Rxd5 Kg6 34.Kf1 Kf6 35.Nd7+ Bxd7 36.Rxd7 f4
37.b3 f3 38.gxf3 h3 39.Rd4 Rh8 40.Kg1 Ne5 41.Rf4+ Ke7 42.Kh2 Rd8 43.Re4 Kf6
44.Rf4+ Ke7 45.Re4 Kf6  1/2-1/2

[Event "St Martin op"]
[Site "St Martin"]
[Date "1991.??.??"]
[Round "8"]
[White "Fedorowicz, John P"]
[Black "Kraut, Rainer"]
[Result "1/2-1/2"]
[WhiteElo "2555"]
[BlackElo "2425"]

1.e4 d5 2.exd5 Nf6 3.d4 Nxd5 4.Nf3 g6 5.c4 Nb6 6.h3 Bg7 7.Be2 O-O 8.O-O Nc6
9.d5 Ne5 10.Nxe5 Bxe5 11.Qb3 e6 12.Rd1 exd5 13.cxd5 Bd7 14.Nc3 Qh4 15.Bf1 Rfe8
16.Be3 Na4 17.Nb5 Nxb2 18.Rdc1 c6 19.Nc3 cxd5 20.f4 Nc4 21.Bxc4 dxc4 22.Qxb7 Bg7
23.Bf2 Qd8 24.Rd1 Bxc3 25.Rac1 Qf6  1/2-1/2

[Event "Candas op"]
[Site "Candas"]
[Date "1992.??.??"]
[Round "1"]
[White "Arroyo, Eudor"]
[Black "Fedorowicz, John P"]
[Result "0-1"]
[WhiteElo "2230"]
[BlackElo "2530"]

1.d4 Nf6 2.c4 e6 3.Nf3 c5 4.e3 d5 5.a3 a6 6.Nc3 Nc6 7.Bd3 Be7 8.O-O O-O 9.dxc5 Bxc5
10.b4 Ba7 11.cxd5 exd5 12.b5 axb5 13.Nxb5 Bb8 14.Bb2 Bg4 15.Be2 Ne4 16.Nfd4 Bxe2
17.Qxe2 Nxd4 18.Nxd4 Ra6 19.Nf5 Qg5 20.Qf3 g6 21.Ng3 Nd2 22.Qd1 Nxf1 23.Qd4 Be5
24.Qxe5 Qxe5 25.Bxe5 Nd2 26.h4 Rc8 27.h5 Rc2 28.h6 f6 29.Bd4 b5 30.Re1 Kf7
31.e4 Nxe4 32.Nxe4 dxe4 33.Rxe4 Rc4 34.Rf4 f5  0-1

[Event "Candas op"]
[Site "Candas"]
[Date "1992.??.??"]
[Round "2"]
[White "Fedorowicz, John P"]
[Black "San Segundo, Pablo"]
[Result "1-0"]
[WhiteElo "2530"]
[BlackElo "2415"]

1.e4 c5 2.Nf3 Nc6 3.d4 cxd4 4.Nxd4 Nf6 5.Nc3 e5 6.Ndb5 d6 7.a4 a6 8.Na3 Be6
9.Bg5 Be7 10.Bxf6 Bxf6 11.Nd5 Bg5 12.Bc4 O-O 13.O-O Rc8 14.c3 Kh8 15.Qe2 g6
16.Rad1 Re8 17.Ba2 Ne7 18.Rd3 Qa5 19.Qd1 Nxd5 20.Bxd5 Bxd5 21.Rxd5 Qb6 22.Qc2 Re6
23.g3 Qc6 24.Rfd1 Be7 25.Qb3 f5 26.Rb5 Rf6 27.Rxb7 fxe4 28.Rxe7 e3 29.Qb7  1-0

[Event "Candas op"]
[Site "Candas"]
[Date "1992.??.??"]
[Round "7"]
[White "Garcia Carbo, Marcial"]
[Black "Fedorowicz, John P"]
[Result "1/2-1/2"]
[WhiteElo "2270"]
[BlackElo "2530"]

1.e4 c5 2.Nf3 Nc6 3.d4 cxd4 4.Nxd4 Nf6 5.Nc3 d6 6.Be3 e5 7.Nb3 Be7 8.f3 Be6
9.Nd5 Bxd5 10.exd5 Nb4 11.c4 a5 12.a3 Na6 13.Bd3 O-O 14.O-O Nd7 15.Qc2 g6
16.f4 a4 17.Nd2 f5 18.Qxa4 exf4 19.Bxf4 Ne5 20.Qc2 Bg5 21.Bxg5 Qxg5 22.Rae1 Nc5
23.Nf3 Nxf3+ 24.Rxf3 Rae8 25.Qf2 Nd7 26.Rg3 Rxe1+ 27.Qxe1 Qf6 28.Qe6+ Rf7
29.Qxf6 Rxf6 30.b4 f4 31.Rh3 b6 32.Be2 Rf8 33.a4 Ra8 34.Ra3 Kf8 35.Kf2 g5
36.Kf3 Ke7 37.a5 bxa5 38.bxa5 Nc5 39.Kg4 Kf6 40.h4 h6 41.Bd1 Ra7  1/2-1/2

[Event "Cannes team g/60"]
[Site "Cannes"]
[Date "1992.??.??"]
[Round "2"]
[White "Fedorowicz, John P"]
[Black "Miralles, Gilles"]
[Result "1-0"]
[WhiteElo "2530"]
[BlackElo "2470"]

1.e4 e5 2.Nf3 Nc6 3.Bb5 a6 4.Ba4 Nf6 5.O-O Be7 6.Bxc6 dxc6 7.Qe1 Nd7 8.b3 O-O
9.Bb2 Bf6 10.d3 Re8 11.Nbd2 Nf8 12.Qe3 g5 13.d4 exd4 14.Bxd4 Bxd4 15.Nxd4 f5
16.f4 c5 17.Ne2 g4 18.Rad1 Qe7 19.Ng3 b6 20.Qf2 Qf7 21.exf5 Bxf5 22.Nc4 Ng6
23.Ne3 Bd7 24.f5 Ne5 25.Qf4 Bc6 26.c4 Kh8 27.Rfe1 Bb7 28.Nd5 Bxd5 29.cxd5 Ng6
30.Qxg4 Rxe1+ 31.Rxe1 Ne7 32.d6 cxd6 33.Qe4 Ra7 34.Rd1 Qf6 35.Qf4 Rd7 36.h3 Rd8
37.Kh2 d5 38.Re1 Ng6 39.Qh6 Qh4 40.Nh5  1-0

[Event "Cannes team g/60"]
[Site "Cannes"]
[Date "1992.??.??"]
[Round "5"]
[White "Miralles, Gilles"]
[Black "Fedorowicz, John P"]
[Result "0-1"]
[WhiteElo "2470"]
[BlackElo "2530"]

1.d4 Nf6 2.c4 e6 3.Nf3 b6 4.g3 Ba6 5.b3 d5 6.Bg2 dxc4 7.Ne5 Bb4+ 8.Kf1 c6
9.bxc4 O-O 10.Bb2 Bd6 11.Nd2 Qc7 12.Qc2 Bb7 13.Nd3 Nbd7 14.e4 e5 15.h3 exd4
16.Bxd4 Ne5 17.Nf4 Rad8 18.Kg1 Rfe8 19.Be3 Qd7 20.Nb3 c5 21.Nd5 Nxd5 22.cxd5 Qa4
23.Kh2 Nc4 24.Bc1 h5 25.h4 Ne5 26.f3 f5 27.exf5 Nxf3+ 28.Bxf3 Qxh4+  0-1

[Event "New York Marshall CC"]
[Site "New York"]
[Date "1992.??.??"]
[Round "2"]
[White "Fedorowicz, John P"]
[Black "Sagalchik, Gennadij"]
[Result "1/2-1/2"]
[WhiteElo "2560"]
[BlackElo "2490"]

1.d4 Nf6 2.c4 c5 3.d5 b5 4.cxb5 a6 5.b6 d6 6.Nc3 Nbd7 7.e4 g6 8.a4 a5 9.Bb5 Bg7
10.Nf3 O-O 11.O-O Ba6 12.b7 Bxb7 13.h3 Ne8 14.Bf4 Nc7 15.Qd2 Re8 16.Bh6 Bh8
17.Ng5 Ba6 18.Bxa6  1/2-1/2

[Event "New York op"]
[Site "New York"]
[Date "1992.??.??"]
[Round "5"]
[White "Kotliar, Mark"]
[Black "Fedorowicz, John P"]
[Result "0-1"]
[WhiteElo "2310"]
[BlackElo "2530"]

1.e4 c5 2.c3 d6 3.d4 Nf6 4.Bd3 Nc6 5.Nf3 g6 6.h3 Bg7 7.O-O O-O 8.Re1 Nd7
9.dxc5 Nxc5 10.Bc2 b5 11.Be3 Rb8 12.a3 a5 13.Nbd2 b4 14.axb4 axb4 15.Nd4 Bd7
16.N2b3 Nxb3 17.Bxb3 bxc3 18.bxc3 Na5 19.Bc2 Qc7 20.Ne2 Rfc8 21.Bd4 Bh6 22.e5 d5
23.Nc1 Nc6 24.Ba4 Nxd4 25.Bxd7 Qxd7 26.cxd4 e6 27.Nd3 Rc4 28.Qg4 Bd2 29.Red1 h5
30.Qg3 Bc3 31.Nc5 Qb5 32.Rac1 Bxd4 33.Nxe6 Rxc1 34.Rxc1 Qb2 35.Rf1 Bxe5 36.f4 Qb6+
37.Kh1 Qxe6 38.fxe5 Re8 39.Qf4 Re7 40.Re1 f6 41.Rf1 fxe5 42.Qf8+ Kh7 43.Rf6 Qd7
44.Rb6 Rf7 45.Qa8 e4 46.Qa6 Qf5 47.Qa8 Qf1+ 48.Kh2 Qf4+ 49.Kh1 Qc1+  0-1

[Event "World op"]
[Site "Philadelphia"]
[Date "1992.??.??"]
[Round "2"]
[White "Belakovskaia, Anjelina"]
[Black "Fedorowicz, John P"]
[Result "1/2-1/2"]
[WhiteElo "2290"]
[BlackElo "2530"]

1.d4 Nf6 2.c4 e6 3.Nf3 b6 4.g3 Ba6 5.b3 Bb4+ 6.Bd2 Be7 7.Bg2 c6 8.Bc3 d5
9.Ne5 Nfd7 10.Nxd7 Nxd7 11.Nd2 O-O 12.O-O Rc8 13.e4 dxc4 14.bxc4 b5 15.Re1 bxc4
16.Qa4 Bb5 17.Qc2 Ba3 18.Nb1 Bd6 19.e5 Be7 20.a4 Ba6 21.a5 Qc7 22.Nd2 Rb8
23.Qa4 Bb5 24.Qa2 Rfd8  1/2-1/2

[Event "World op"]
[Site "Philadelphia"]
[Date "1992.??.??"]
[Round "6"]
[White "Meyer, E."]
[Black "Fedorowicz, John P"]
[Result "1-0"]
[WhiteElo "2470"]
[BlackElo "2530"]

1.Nf3 Nf6 2.g3 g6 3.Bg2 Bg7 4.O-O O-O 5.d3 d6 6.Nbd2 c5 7.c3 Nc6 8.e4 Rb8
9.Re1 b5 10.d4 b4 11.e5 Nd5 12.c4 Nb6 13.dxc5 dxc5 14.b3 Bg4 15.Bb2 Qc8 16.Qe2 a5
17.Qe3 a4 18.Rad1 Nd8 19.h3 Bxh3 20.Bxh3 Qxh3 21.Qxc5 Nc8 22.Nd4 axb3 23.axb3 Qd7
24.Ne4 Qb7 25.f4 Ra8 26.Qd5 Qxd5 27.cxd5 Nb6 28.Nb5 Ra2 29.Re2 Nb7 30.Rc2 Ra5
31.d6 exd6 32.Nbxd6 Nxd6 33.exd6 Bxb2 34.Rxb2 Nd7 35.Rc2 Rd8 36.Rc7 Kg7 37.Rb7 h5
38.Rxb4 h4 39.gxh4 Rh5 40.Kg2 Rxh4 41.Kg3 Rhh8 42.Rb7 Rhe8 43.Ng5 f6 44.Nf3 Kg8
45.b4 Re6 46.Rd5 Nf8 47.Rb6 Nd7 48.Ra6 Nb8 49.Ra8 Kf7 50.b5 Re3 51.Kf2 Re6
52.b6 Ree8 53.Nd4 Nd7 54.Ra7 Kf8 55.Rb7  1-0

[Event "World op"]
[Site "Philadelphia"]
[Date "1992.??.??"]
[Round "7"]
[White "Fedorowicz, John P"]
[Black "Rowley, Robert"]
[Result "1-0"]
[WhiteElo "2530"]
[BlackElo "2380"]

1.e4 e5 2.Nf3 Nc6 3.Bb5 a6 4.Ba4 d6 5.O-O Bd7 6.c3 g6 7.d4 Bg7 8.d5 Nce7
9.c4 Bxa4 10.Qxa4+ Qd7 11.Qc2 b6 12.Nc3 Nh6 13.Bd2 f6 14.b4 Nf7 15.a4 a5
16.bxa5 Rxa5 17.Nb5 Ra6 18.a5 c6 19.axb6 Rxb6 20.Ra8+ Nc8 21.Na7 O-O 22.Nxc6 Rxc6
23.dxc6 Qxc6 24.Rfa1 Nb6 25.Rxf8+ Bxf8 26.Rc1 Nd8 27.Be3 Ne6 28.Qb3 Na8 29.Nd2 Nac7
30.Ra1 Nc5 31.Bxc5 Qxc5 32.Nf1 Qd4 33.c5+ d5 34.Ra7 Qxc5 35.Qb8 Ne6 36.Qb7  1-0

[Event "St Martin op"]
[Site "St Martin"]
[Date "1992.??.??"]
[Round "7"]
[White "Gurevich, Dmitry"]
[Black "Fedorowicz, John P"]
[Result "1/2-1/2"]
[WhiteElo "2515"]
[BlackElo "2530"]

1.Nf3 Nf6 2.c4 e6 3.d4 b6 4.g3 Ba6 5.b3 Bb4+ 6.Bd2 Be7 7.Bg2 O-O 8.Ne5 c6
9.O-O d5 10.Bc3 Nfd7 11.Nxd7 Nxd7 12.Nd2 Rc8 13.e4 dxc4 14.Nxc4 b5 15.Ba5 Qe8
16.Ne3 b4 17.Nc4 Nb6 18.Bxb6 axb6 19.Nxb6 Rd8 20.Re1 Bc5 21.dxc5 Rxd1 22.Raxd1 Qe7
23.e5 Bb5 24.Rd6 Qa7 25.Rd2 h6 26.h4 h5 27.Bf3 g6 28.Red1 Kg7 29.Be4 Rb8
30.Kg2 Qe7 31.Rd6 g5 32.Nd7 Rh8 33.Rh1 g4 34.Rhd1 Qd8 35.R1d2 Qa5 36.Nf6 Qa7
37.Kg1 Qb8 38.Kh2 Qc7 39.Kg2 Qb8 40.Kg1 Qc7 41.Bb1 Qa7 42.Ne4 Qa3 43.Rd7 Rf8
44.Ng5 Kh8 45.Bh7 Kg7 46.Be4 Kg8 47.Rc2 Qa8 48.Nh7 Kg7 49.Nxf8 Qxf8 50.Rd6 Qa8
51.Kg2 Qa6 52.Rd7 Be2 53.Rcd2 Qb5 54.Kh2 Bf1 55.Rc2 Be2 56.Rd6 Bf3 57.Bxf3 gxf3
58.Rc4 Qa6 59.Rd3 Qxa2 60.Rxf3 Qe2 61.Rcf4 Qxe5 62.Rxf7+ Kg8 63.Rb7 Qxc5
64.Rf4 e5 65.Rf5 Qc2 66.Rf6 c5 67.Rc7 e4 68.Re7 c4  1/2-1/2

[Event "St Martin op"]
[Site "St Martin"]
[Date "1992.??.??"]
[Round "9"]
[White "Fedorowicz, John P"]
[Black "Arnason, Jon L"]
[Result "1/2-1/2"]
[WhiteElo "2530"]
[BlackElo "2515"]

1.e4 c5 2.Nf3 d6 3.d4 cxd4 4.Nxd4 Nf6 5.Nc3 a6 6.Be3 e6 7.Be2 Be7 8.O-O Qc7
9.a4 Nc6 10.f4 O-O 11.Kh1 Re8 12.Bf3 Na5 13.Qe1 Nc4 14.Bc1 e5 15.Nde2 Qc5
16.Ng3 exf4 17.Bxf4 Nxb2 18.Be3 Qe5 19.Be2 Be6 20.Nf5 Bxf5 21.Rxf5 Qe6 22.Rf4 Rac8
23.Bd4 Nc4 24.Qg3 Ne5  1/2-1/2

[Event "New York op"]
[Site "New York"]
[Date "1993.??.??"]
[Round "1"]
[White "Berube, Richard"]
[Black "Fedorowicz, John P"]
[Result "0-1"]
[WhiteElo "2295"]
[BlackElo "2535"]

1.d4 Nf6 2.Nf3 g6 3.Bg5 Bg7 4.Nbd2 O-O 5.e4 d6 6.c3 Nc6 7.Be2 e5 8.dxe5 dxe5
9.O-O Qe8 10.Re1 h6 11.Bh4 Nh5 12.Bf1 Kh8 13.a4 f6 14.a5 Nd8 15.Qe2 Nf4 16.Qe3 Nde6
17.Nb3 h5 18.Nc5 Nxc5 19.Qxc5 Ne6 20.Qe3 g5  0-1

[Event "New York Enhance"]
[Site "New York"]
[Date "1993.??.??"]
[Round "2"]
[White "Sokolin, Leonid M"]
[Black "Fedorowicz, John P"]
[Result "1-0"]
[WhiteElo "2430"]
[BlackElo "2545"]

1.d4 Nf6 2.c4 g6 3.Nc3 Bg7 4.Nf3 d5 5.cxd5 Nxd5 6.e4 Nxc3 7.bxc3 c5 8.Rb1 O-O
9.Be2 cxd4 10.cxd4 Qa5+ 11.Bd2 Qxa2 12.O-O Qe6 13.Qc2 Qd7 14.d5 b6 15.Qa2 Qd8
16.Rfc1 Bg4 17.Bf4 Nd7 18.Bc7 Qe8 19.Bb5 Qc8 20.Ba6 Qe8 21.Bb7 Bxf3 22.gxf3 Nc5
23.Bxa8 Qxa8 24.Bg3 h5 25.Qc4 Qc8 26.Kg2 Kh7 27.d6 Qd7 28.Qb5 Qe6 29.Rd1 Bf6
30.dxe7 Bxe7 31.h4 f5 32.exf5 Qxf5 33.Qe2 Rf7 34.Rb4 Qc8 35.Rbd4 a5 36.Rd5 Qf8
37.f4 Kg8 38.Qb2 Rf6 39.Kh2 a4 40.Re1 Kh7 41.f5 gxf5 42.Qe2 Bd8 43.Rxd8 Qxd8
44.Qxh5+  1-0

[Event "New York Enhance"]
[Site "New York"]
[Date "1993.??.??"]
[Round "4"]
[White "Leveille, Francois"]
[Black "Fedorowicz, John P"]
[Result "1-0"]
[WhiteElo "2345"]
[BlackElo "2545"]

1.d4 Nf6 2.c4 c5 3.d5 b5 4.cxb5 a6 5.bxa6 g6 6.Nc3 Bxa6 7.e4 Bxf1 8.Kxf1 d6
9.g3 Bg7 10.Kg2 Nbd7 11.Nf3 O-O 12.h3 Ra7 13.Re1 Qa8 14.Qc2 Rb8 15.b3 Ne8
16.Bb2 Ne5 17.Nxe5 Bxe5 18.a4 Nc7 19.Nd1 Bxb2 20.Nxb2 Rab7 21.Re3 Nb5 22.Qd1 Nd4
23.Ra3 Rb4 24.Nc4 Nxb3 25.Nxd6 Na5 26.Nxf7 Kxf7 27.d6 Rd4 28.Qf3+ Kg7 29.dxe7 Nc4
30.Qf4 Re8 31.Rf3 Rxe4 32.Qf6+ Kh6 33.Rac3 R8xe7 34.Rxc4 R7e6 35.Qc3 Rxc4
36.Qxc4 Re4 37.Qc1+ Kg7 38.Qc3+ Kh6 39.a5 Ra4 40.Kh2  1-0